Nutrition counseling and education skill development

Bibliographic Details
Main Authors: Bauer, Kathleen D. (Author), Liou, Doreen (Author), Sokolik, Carol (Author)
Format: Book
Published: Belmont, CA : Wadsworth, Cengage Learning , 2012
Edition:2nd ed
Subjects:

MARC

LEADER 00000cam a2200000 7i4500
001 0000078430
005 20160627093000.0
008 110512s2012 cau eng
020 |a 0840064152 
020 |a 9780840064158 
050 0 0 |a RM218.7   |b .B38 2012 
060 1 0 |a QU 145   |b B344n 2012 
090 0 0 |a QU 145   |b B344n 2012 
100 1 |a Bauer, Kathleen D. ,   |e author 
245 1 0 |a Nutrition counseling and education skill development   |c Kathleen D. Bauer, Doreen Liou and Carol A.Sokolik 
250 |a 2nd ed 
260 |a Belmont, CA :   |b Wadsworth, Cengage Learning ,   |c 2012 
300 |a xvi, 446 p. :   |b ill. ;   |c 28 cm. 
500 |a Rev ed of: Basic nutrition counseling skill development / Kathleen D Bauer, Carol A Sokolik c2002 
504 |a Includes bibliographical references and index 
650 0 |a Nutrition counseling 
650 1 2 |a Counseling   |x methods 
650 2 2 |a Clinical Competence 
650 2 2 |a Communication 
650 2 2 |a Nutritional Physiological Phenomena 
650 2 2 |a Nutritional Sciences   |x education 
650 2 2 |a Professional-Patient Relations 
700 1 |a Bauer, Kathleen D. ,   |e author 
700 1 |a Liou, Doreen ,   |e author 
700 1 |a Sokolik, Carol ,   |e author 
999 |a 1000149390   |b Book   |c OPEN SHELF (30 DAYS)   |e Medical Campus